| 000 | 01803nam0a2200349 4500 | ||
|---|---|---|---|
| 001 | RU\NLR\bibl\918945 | ||
| 005 | 20260405143405.0 | ||
| 010 |
_a5-94628-146-1 _93000 |
||
| 021 |
_aRU _b2006-6246 _9299 |
||
| 035 | _a(NLR Aleph) 000907235 | ||
| 090 |
_a22881 _c22881 |
||
| 100 | _a20060321d2006 |||y0rusy50 ca | ||
| 101 | 0 | _arus | |
| 102 | _aRU | ||
| 105 | _aa ||||||||| | ||
| 200 | 1 |
_aГенетика _eучебник для студентов по специальностям 040100 - Лечебное дело, 040200 - Педиатрия, 040800 - Медицинская биохимия, 040900 - Медицинская биофизика, 04100 - Медицинская кибернетика _fВ.И. Иванов, Н.В. Барышникова, Дж.С. Билева [и др.] _gпод ред. акад. В.И. Иванова |
|
| 210 |
_aМосква _cАкадемкнига _d2006 |
||
| 215 |
_a638 с. _cил. _d25 |
||
| 225 | 1 | _aУчебник для вузов | |
| 320 | _aБиблиогр.: с. 371-374, 602-603 | ||
| 320 | _aПредм. указ.: с. 604-627 | ||
| 606 | 1 |
_aГенетика _jУчебники для высших учебных заведений _91002501 _3RU\NLR\auth\6662703 |
|
| 686 | _aЕ04я732Р-1 | ||
| 701 | 1 |
_4070 _8rus _7ca _aИванов _bВ. И. _cд-р биол. наук _f1932- _gВладимир Ильич _3RU\NLR\auth\7730494 _913512 |
|
| 701 | 1 |
_4070 _8rus _7ca _aБарышникова _bН. В. _cканд. мед. наук, генетика _gНаталья Владимировна _3RU\NLR\auth\7759113 _942045 |
|
| 701 | 1 |
_aБилева _bДж. С. _gДжемма Серафимовна _4070 |
|
| 801 | 0 |
_aRU _bNLR _c20060321 _grcr |
|
| 801 | 1 |
_aRU _bNLR _c20060321 |
|
| 830 | _aавт. по кн. | ||
| 942 | _cBOOK | ||
| 980 | _aNB | ||